MARC

LEADER 00000nam0a2200000 4500
001 300304
005 20231102001304.0
020 |a RU  |b 84-6200 
035 |a (RuTPU)RU\TPU\book\325457 
090 |a 300304 
100 |a 20150708d1982 km y0rusy5003 ca 
101 0 |a rus 
102 |a RU 
105 |a a g 001zy 
200 1 |a Машинные методы моделирования непрерывных случайных величин  |e пособие-справочник  |f А. Ф. Голубенцев, Ю. А. Малоземов, Ю. И. Денисов  |g под ред. А. М. Богомолова 
210 |a Саратов  |c Изд-во Саратовского ун-та  |d 1982 
215 |a 83 с.  |c граф. 
320 |a Библиогр.: с. 82 
606 1 |a Случайные величины  |2 stltpush  |3 (RuTPU)RU\TPU\subj\55234  |9 73293 
610 1 |a непрерывные величины 
610 1 |a машинные методы 
610 1 |a моделирование 
610 1 |a оптимальные распределения 
610 1 |a алгоритмы 
610 1 |a программы 
610 1 |a справочные пособия 
675 |a 519.216(035)  |v 3 
700 1 |a Голубенцев  |b А. Ф.  |g Александр Федорович 
701 1 |a Малоземов  |b Ю. А.  |g Юрий Анатольевич 
701 1 |a Денисов  |b Ю. И.  |g Юрий Иванович 
702 1 |a Богомолов  |b А. М.  |4 340 
801 0 |a RU  |b RuMRKP  |c 19950704  |g psbo 
801 1 |a RU  |b 63413507  |c 20150708 
801 2 |a RU  |b 63413507  |c 20190213  |g RCR 
942 |c BK